000 00866nam a22001577a 4500
999 _c523800
_d523800
008 230927b ||||| |||| 00| 0 eng d
100 _aGupta, Juhi,
_944027
245 _aWomen leaders in global peacemaking: Ensuring sustaining peace and protecting human and women’s rights
260 _aSocial Action
300 _a73(2), Apr-Jun, 2023: p.163-177
520 _aWomen’s inclusion in the peacemaking process has always have a matter of global debate. While many counters have well-established regulations to vouch for women’s inclusivity, few still log behind. The current study highlights the overall scenario of how society responds to adversities when women lead the peacemaking processes. – Reproduced
650 _aWomen, Conflicts, Peacemaking, Case studies, Inclusion.
_940864
773 _aSocial Action
906 _aWOMEN
942 _cAR